[Event "Issy les Moulineaux-JEEN"]
[Site "Paris"]
[Date "2008.02.10"]
[Round "7.3"]
[White "Geffroy, Laurent"]
[Black "Yordanov, Nikolay"]
[Result "1/2-1/2"]
[WhiteElo "2238"]
[BlackElo "2181"]
[PlyCount "155"]
[EventDate "2008.02.10"]
[SourceDate "2007.10.24"]

1. d4 d5 2. c4 e6 3. Nc3 Nf6 4. Nf3 Be7 5. Bg5 O-O 6. e3 h6 7. Bh4 Ne4 8. Bxe7
Qxe7 9. Rc1 Nxc3 10. Rxc3 dxc4 11. Bxc4 Nd7 12. Qc2 c5 13. O-O cxd4 14. Nxd4
Nb6 15. Bb3 Qf6 16. Qe4 Rb8 17. Rc7 Rd8 18. Rfc1 Nd5 19. Bxd5 exd5 20. Qe7 Be6
21. Qxf6 gxf6 22. f4 f5 23. Kf2 a6 24. Ke2 Bd7 25. Kd2 Kf8 26. R1c5 Be6 27. Kc3
Ke8 28. Nxe6 fxe6 29. Kd4 Rd7 30. Ke5 Ke7 31. Rc8 Rxc8 32. Rxc8 d4 33. e4 d3
34. Rc1 d2 35. Rd1 fxe4 36. Kxe4 Kf6 37. g4 Rd5 38. h4 Ra5 39. a3 Ra4+ 40. Kf3
Rd4 41. Ke3 e5 42. g5+ hxg5 43. hxg5+ Kf5 44. fxe5 Kxe5 45. Rxd2 Rg4 46. Rd7
Rxg5 47. Rxb7 Rg6 48. Kd3 Kd5 49. Kc3 Kc6 50. Rb8 Kc7 51. Rb4 Kc6 52. Kb3 Rg5
53. Ka4 Rh5 54. Rg4 Rf5 55. Rg6+ Kb7 56. b4 Rh5 57. Rg3 Rf5 58. Rc3 Kb6 59. Rh3
Rg5 60. Kb3 a5 61. Rh6+ Kb7 62. Ka4 axb4 63. axb4 Rf5 64. b5 Rg5 65. Ka5 Rg7
66. Rh5 Rf7 67. Kb4 Rg7 68. Kc5 Rc7+ 69. Kb4 Rg7 70. Ka5 Rf7 71. Rh6 Rg7 72.
Rb6+ Ka7 73. Rf6 Kb7 74. Rf5 Rh7 75. b6 Rh1 76. Rf7+ Kb8 77. Ka6 Ra1+ 78. Kb5
1/2-1/2

[Event "Issy les Moulineaux-JEEN"]
[Site "Paris"]
[Date "2008.02.10"]
[Round "7.4"]
[White "Regoli, Stephane"]
[Black "Emmenecker, Philippe"]
[Result "1-0"]
[WhiteElo "2218"]
[BlackElo "2181"]
[PlyCount "71"]
[EventDate "2008.02.10"]
[SourceDate "2007.10.24"]

1. e4 c5 2. Nc3 Nc6 3. g3 g6 4. Bg2 Bg7 5. d3 d6 6. Be3 e6 7. Qd2 Qa5 8. Nge2
Nd4 9. O-O Ne7 10. Nc1 Bd7 11. Nb3 Qc7 12. Bh6 O-O 13. Bxg7 Kxg7 14. Ne2 Nxe2+
15. Qxe2 Nc6 16. c3 a5 17. Nd2 a4 18. Rfd1 f5 19. Nf3 e5 20. exf5 Bxf5 21. Nh4
Bd7 22. Rf1 Rf6 23. f4 exf4 24. Rxf4 Rxf4 25. gxf4 Rf8 26. Rf1 Qd8 27. Qe1 b5
28. Qg3 Ne7 29. Re1 Bf5 30. Qg5 Kf7 31. Qh6 Kg8 32. Qg5 Kf7 33. Nxf5 Nxf5 34.
Bd5+ Kg7 35. Qxd8 Rxd8 36. Kf2 {suite illisible} 1-0

[Event "Issy les Moulineaux-JEEN"]
[Site "Paris"]
[Date "2008.02.10"]
[Round "7.5"]
[White "Aveline, Philippe"]
[Black "Marin, Sebastien"]
[Result "1-0"]
[WhiteElo "2178"]
[BlackElo "2175"]
[PlyCount "37"]
[EventDate "2008.02.10"]
[SourceDate "2007.10.24"]

1. e4 g6 2. d4 Bg7 3. Nc3 c6 4. f4 d5 5. e5 h5 6. Bd3 Qb6 7. Na4 Qa5+ 8. c3 Nh6
9. b4 Qc7 10. Ne2 Bg4 11. h3 Bxe2 12. Qxe2 e6 13. g4 a5 14. b5 cxb5 15. Bxb5+
Nc6 16. Ba3 O-O-O 17. Bc5 Bf8 18. Bb6 Qd7 19. Bxa5 1-0

[Event "Issy les Moulineaux-JEEN"]
[Site "Paris"]
[Date "2008.02.10"]
[Round "7.6"]
[White "Maillot, Fabien"]
[Black "Stambul, Adam"]
[Result "1-0"]
[WhiteElo "2033"]
[BlackElo "2144"]
[PlyCount "105"]
[EventDate "2008.02.10"]
[SourceDate "2007.10.24"]

1. e4 e5 2. Bc4 Nf6 3. d3 Nc6 4. Nf3 Bc5 5. c3 d6 6. Bb3 O-O 7. Nbd2 b5 8. O-O
Bb6 9. a4 b4 10. Nc4 bxc3 11. bxc3 Na5 12. Ba2 Nxc4 13. Bxc4 c5 14. Bg5 h6 15.
Bh4 Qe7 16. Ne1 g5 17. Bg3 Be6 18. Qe2 Bxc4 19. dxc4 Ba5 20. Qd3 Rfd8 21. Rb1
Rab8 22. Nc2 Rb7 23. Ne3 Rdb8 24. Nf5 Qe6 25. Rb5 Rxb5 26. axb5 Ne8 27. h4 Rd8
28. Ra1 Bb6 29. Rd1 Ng7 30. Ne3 Rd7 31. Qe2 Bd8 32. Qg4 Bf6 33. Qxe6 fxe6 34.
Ng4 Kf7 35. Bxe5 Be7 36. Nxh6+ Kg6 37. hxg5 Bxg5 38. Ng4 Ne8 39. Bg3 Rd8 40.
Kf1 Be7 41. Ke2 Rb8 42. Ra1 Rb7 43. Ne3 Bf6 44. Kd3 Rd7 45. f4 Ng7 46. Bh2 Bd8
47. Rh1 Ne8 48. Bg1 Nc7 49. g4 Rf7 50. Ng2 Be7 51. Be3 Na8 52. f5+ Kg7 53. Nf4
1-0

[Event "Issy les Moulineaux-JEEN"]
[Site "Paris"]
[Date "2008.02.10"]
[Round "7.7"]
[White "Ricbour, Jeremy"]
[Black "Selvi, Laurent"]
[Result "1-0"]
[WhiteElo "2161"]
[BlackElo "2046"]
[PlyCount "45"]
[EventDate "2008.02.10"]
[SourceDate "2007.10.24"]

1. b4 c6 2. c4 d5 3. e3 e5 4. Bb2 d4 5. Qb3 a5 6. a3 Qb6 7. c5 Bxc5 8. Bc4 axb4
9. Bxf7+ Kf8 10. Nf3 bxa3 11. Nxe5 Nh6 12. Bxa3 Rxa3 13. Nxa3 Qc7 14. Be6 Qxe5
15. Bxc8 dxe3 16. O-O exf2+ 17. Kh1 Qe7 18. Qxb7 Qf6 19. Nc4 Qf4 20. Ne3 Bd6
21. Rxf2 Qxf2 22. Rf1 Qxf1+ 23. Nxf1 1-0

[Event "Issy les Moulineaux-JEEN"]
[Site "Paris"]
[Date "2008.02.10"]
[Round "7.8"]
[White "Chauvin, Stephanie"]
[Black "Zoeller, Laure"]
[Result "1/2-1/2"]
[WhiteElo "1950"]
[BlackElo "1991"]
[PlyCount "78"]
[EventDate "2008.02.10"]
[SourceDate "2007.10.24"]

1. e4 e5 2. Nf3 Nc6 3. d4 exd4 4. Bc4 Nf6 5. O-O Nxe4 6. Re1 d5 7. Bxd5 Qxd5 8.
Nc3 Qa5 9. Nxe4 Be6 10. Neg5 O-O-O 11. Nxe6 fxe6 12. Rxe6 Qf5 13. Qe2 h6 14.
Qe4 Qxe4 15. Rxe4 Bc5 16. Bd2 Rhf8 17. Rae1 g5 18. h3 Rg8 19. Re6 Rd6 20. Rxd6
Bxd6 21. Re6 Rh8 22. Kf1 Kd7 23. Re4 Re8 24. Rxe8 Kxe8 25. Ke2 Bf8 26. Kd3 Bg7
27. b3 Ne5+ 28. Nxe5 Bxe5 29. Ke4 Bg7 30. Bb4 b6 31. f4 gxf4 32. Kxf4 c5 33.
Bd2 Ke7 34. Ke4 Ke6 35. Bf4 b5 36. g4 a6 37. Bd2 Bf8 38. Bf4 Be7 39. Bg3 Bf6
1/2-1/2

[Event "Club 608-Le Vesinet"]
[Site "Le Vesinet"]
[Date "2008.02.10"]
[Round "7.1"]
[White "Sohier, Julien"]
[Black "Deslandes, Pascal"]
[Result "1-0"]
[WhiteElo "2272"]
[BlackElo "2321"]
[PlyCount "47"]
[EventDate "2008.02.10"]
[SourceDate "2007.10.24"]

1. e4 e6 2. d4 d5 3. Nc3 Bb4 4. e5 c5 5. Qg4 Ne7 6. dxc5 Bxc3+ 7. bxc3 O-O 8.
Bd3 Nd7 9. Nf3 f5 10. exf6 Nxf6 11. Qh4 Nc6 12. c4 Qa5+ 13. Bd2 Qxc5 14. cxd5
exd5 15. O-O Bd7 16. Rab1 b6 17. Rb5 Qa3 18. Rxd5 Be6 19. Ng5 Rfe8 20. Bxh7+
Kf8 21. Nxe6+ Rxe6 22. Bf5 Ree8 23. Rd3 Qxa2 24. Rd6 1-0

[Event "Club 608-Le Vesinet"]
[Site "Le Vesinet"]
[Date "2008.02.10"]
[Round "7.2"]
[White "Imbert, Christophe"]
[Black "De Marchi, Olivier"]
[Result "1/2-1/2"]
[WhiteElo "2129"]
[BlackElo "2213"]
[PlyCount "90"]
[EventDate "2008.02.10"]
[SourceDate "2007.10.24"]

1. e4 g6 2. d4 Bg7 3. Nf3 d6 4. Bc4 Nf6 5. Nc3 O-O 6. O-O Nc6 7. Re1 Bg4 8. Be2
e5 9. d5 Ne7 10. Nd2 Bd7 11. Nc4 b5 12. Nd2 Rb8 13. Ncb1 c5 14. dxc6 Bxc6 15.
Bf3 Qc7 16. Nb3 a5 17. Bg5 h6 18. Bxf6 Bxf6 19. Nc3 a4 20. Nc1 b4 21. Nd5 Nxd5
22. exd5 Bd7 23. Nd3 Rfc8 24. Bg4 Bxg4 25. Qxg4 Qc4 26. Qd7 Qxd5 27. Nxb4 Qb5
28. Qxb5 Rxb5 29. a3 d5 30. Rad1 d4 31. Rd3 Be7 32. c3 Rc4 33. g3 dxc3 34. bxc3
e4 35. Rd7 Kf8 36. Ra7 Rxc3 37. Rxa4 Rc4 38. Rb1 Bc5 39. Kf1 Kg8 40. Ke2 h5 41.
Rb2 h4 42. Rc2 Rxc2+ 43. Nxc2 Rb2 44. Rc4 Bb6 45. gxh4 f5 1/2-1/2

[Event "Club 608-Le Vesinet"]
[Site "Le Vesinet"]
[Date "2008.02.10"]
[Round "7.3"]
[White "Eche, Sylvain"]
[Black "Glod, Philippe"]
[Result "1/2-1/2"]
[WhiteElo "2186"]
[BlackElo "2174"]
[PlyCount "44"]
[EventDate "2008.02.10"]
[SourceDate "2007.10.24"]

1. e4 e5 2. Nf3 Nc6 3. d4 exd4 4. Bc4 Nf6 5. e5 Ne4 6. O-O Be7 7. Bd5 Nc5 8.
Re1 O-O 9. Nxd4 Nxd4 10. Qxd4 c6 11. Bc4 d5 12. exd6 Qxd6 13. Qxd6 Bxd6 14. Be3
Re8 15. Nd2 Bf5 16. Rac1 Na4 17. Bb3 Nc5 18. Bc4 a5 19. Be2 Na4 20. Nc4 Bf8 21.
Red1 Be6 22. Nd6 Bxd6 1/2-1/2

[Event "Club 608-Le Vesinet"]
[Site "Le Vesinet"]
[Date "2008.02.10"]
[Round "7.4"]
[White "Castaignet, Laurent"]
[Black "Metral, Jean Paul"]
[Result "1/2-1/2"]
[WhiteElo "2153"]
[BlackElo "2198"]
[PlyCount "124"]
[EventDate "2008.02.10"]
[SourceDate "2007.10.24"]

1. e4 e6 2. d4 d5 3. e5 c5 4. c3 Nc6 5. Nf3 Nge7 6. Bd3 Ng6 7. h4 cxd4 8. cxd4
Bb4+ 9. Kf1 h6 10. Rh3 Nge7 11. a3 Ba5 12. g4 Bb6 13. Be3 Na5 14. Nc3 a6 15.
Qe2 Bd7 16. Kg2 Rc8 17. Rf1 Nc4 18. Nd1 Ba4 19. h5 Qc7 20. Nh2 Nc6 21. Nf3 Bb3
22. Rg3 Nxe3+ 23. fxe3 Na5 24. g5 Bc2 25. g6 O-O 26. gxf7+ Rxf7 27. Rg6 Bxd3
28. Qxd3 Qc2+ 29. Qxc2 Rxc2+ 30. Rf2 Rc1 31. Rxe6 Rxd1 32. Rxb6 Nc4 33. Rb3 b5
34. a4 b4 35. Rxb4 Nxe3+ 36. Kh3 Rh1+ 37. Kg3 Rxh5 38. e6 Re7 39. Rb6 a5 40.
Re2 Nc4 41. Rb8+ Kh7 42. Rd8 Rf5 43. Rd7 Re8 44. b3 Nb6 45. Rf7 Rh5 46. Re1 Kg8
47. Kf4 g6 48. Rf6 Kg7 49. Rf7+ Kg8 50. Kg4 Nc8 51. Rd7 Ne7 52. Ra7 Rf5 53.
Rxa5 Ref8 54. Re3 Rf4+ 55. Kg3 g5 56. Rc3 Nf5+ 57. Kg2 g4 58. Ne5 Nxd4 59. e7
Rf2+ 60. Kg3 Ne2+ 61. Kxg4 R8f4+ 62. Kh3 Ng1+ 1/2-1/2

[Event "Club 608-Le Vesinet"]
[Site "Le Vesinet"]
[Date "2008.02.10"]
[Round "7.5"]
[White "Stoenescu, Radu"]
[Black "Saglier, Paul"]
[Result "1-0"]
[WhiteElo "2149"]
[BlackElo "1886"]
[PlyCount "67"]
[EventDate "2008.02.10"]
[SourceDate "2007.10.24"]

1. e4 c5 2. Nf3 d6 3. d4 cxd4 4. Nxd4 Nf6 5. Nc3 a6 6. Bc4 e6 7. Bb3 Be7 8. Be3
Qc7 9. Qe2 b5 10. f3 Nc6 11. Nxc6 Qxc6 12. O-O-O Bb7 13. g4 O-O 14. h4 b4 15.
Na4 Nd7 16. g5 Nc5 17. Nxc5 dxc5 18. h5 a5 19. g6 a4 20. Bc4 b3 21. h6 fxg6 22.
hxg7 Rf7 23. Rxh7 Rxg7 24. Rxg7+ Kxg7 25. Qh2 Rh8 26. Qe5+ Bf6 27. Qxe6 Qxe6
28. Bxe6 Bc6 29. axb3 Rh5 30. Bg4 Rh2 31. bxa4 Bxa4 32. b3 Bb5 33. Bxc5 Rg2 34.
Bd4 1-0

[Event "Club 608-Le Vesinet"]
[Site "Le Vesinet"]
[Date "2008.02.10"]
[Round "7.6"]
[White "Imbert, Etienne"]
[Black "Mendeiros, Jerome"]
[Result "1/2-1/2"]
[WhiteElo "1920"]
[BlackElo "2134"]
[PlyCount "115"]
[EventDate "2008.02.10"]
[SourceDate "2007.10.24"]

1. c4 Nf6 2. Nf3 g6 3. d4 Bg7 4. Nc3 d5 5. e3 O-O 6. Bd3 c5 7. O-O Nc6 8. cxd5
Nxd5 9. Nxd5 Qxd5 10. e4 Qd6 11. d5 Nd4 12. Nxd4 Bxd4 13. Kh1 e6 14. Bc4 b5 15.
Bxb5 exd5 16. exd5 Qxd5 17. Bh6 Bb7 18. f3 Rfd8 19. Qc2 Qe5 20. Rae1 Qf6 21. f4
Qb6 22. Bc4 Qxb2 23. Qxb2 Bxb2 24. Re7 Bd5 25. Bxd5 Rxd5 26. Rfe1 f5 27. h3
Rad8 28. R1e6 R5d7 29. Rxd7 Rxd7 30. Rc6 Bd4 31. g4 Rb7 32. a4 Kf7 33. gxf5
gxf5 34. Bg5 a5 35. Bd8 Rb4 36. Bxa5 Rxa4 37. Bb6 Rc4 38. Kg2 Rc2+ 39. Kg3 Rc3+
40. Kg2 h5 41. Rh6 Bf6 42. Rh7+ Kg6 43. Rc7 c4 44. Rc6 Rc2+ 45. Kf3 Kf7 46.
Rc7+ Ke6 47. Rc6+ Kf7 48. Rc7+ Ke8 49. Rc5 c3 50. Rxf5 Bg7 51. Rxh5 Rh2 52. Kg3
Re2 53. Rc5 c2 54. Kf3 Rh2 55. Kg3 Re2 56. Kf3 Rh2 57. Kg3 Re2 58. Kf3 1/2-1/2

[Event "Club 608-Le Vesinet"]
[Site "Le Vesinet"]
[Date "2008.02.10"]
[Round "7.7"]
[White "Akl, Nabil"]
[Black "Millet, Maud"]
[Result "1-0"]
[WhiteElo "2141"]
[BlackElo "1910"]
[PlyCount "87"]
[EventDate "2008.02.10"]
[SourceDate "2007.10.24"]

1. Nf3 d6 2. c4 Nd7 3. g3 Ngf6 4. Bg2 e5 5. Nc3 Be7 6. O-O a5 7. d4 c6 8. Qc2
O-O 9. Rd1 Qc7 10. b3 Re8 11. Bb2 Bf8 12. e4 h6 13. Rac1 g6 14. h3 h5 15. c5
exd4 16. cxd6 Qxd6 17. Nxd4 Qe7 18. Re1 Bg7 19. Rcd1 Nh7 20. f4 h4 21. g4 Bxd4+
22. Rxd4 g5 23. e5 gxf4 24. e6 Ndf6 25. exf7+ Qxf7 26. Rxe8+ Qxe8 27. Rxf4 Bd7
28. Qf2 Qe7 29. Ne4 Nxe4 30. Rxe4 Qd6 31. Rd4 Qe7 32. Qd2 Be6 33. Qc3 Kf7 34.
Rf4+ Ke8 35. Bxc6+ Kd8 36. Rd4+ Kc7 37. Be4+ Kb6 38. Qe3 Kc7 39. Bxh7 Qxh7 40.
Qe5+ Kb6 41. Rd6+ Ka7 42. Qxa5+ Kb8 43. Rd8+ Bc8 44. Be5+ 1-0

[Event "Club 608-Le Vesinet"]
[Site "Le Vesinet"]
[Date "2008.02.10"]
[Round "7.8"]
[White "Paravagna, Alexis"]
[Black "Mousset Evtouchenko, Nina"]
[Result "1-0"]
[WhiteElo "1836"]
[BlackElo "1835"]
[PlyCount "101"]
[EventDate "2008.02.10"]
[SourceDate "2007.10.24"]

1. d4 Nf6 2. Nc3 d5 3. e4 dxe4 4. f3 exf3 5. Nxf3 Bg4 6. h3 Bxf3 7. Qxf3 c6 8.
Be3 e6 9. Bd3 Bb4 10. O-O O-O 11. Ne4 Nbd7 12. Bg5 Be7 13. c3 Nd5 14. Qh5 f5
15. Bxe7 Qxe7 16. Ng5 N7f6 17. Qe2 Rae8 18. Rae1 Qd6 19. Qe5 Qxe5 20. Rxe5 Nc7
21. Rfe1 Nd7 22. R5e2 b5 23. Nxe6 Nxe6 24. Rxe6 Rxe6 25. Rxe6 Nb8 26. Bc2 a5
27. a4 b4 28. Re5 g6 29. Rxa5 bxc3 30. bxc3 Re8 31. Kf2 Re7 32. Ra8 Rb7 33. Bd3
Kg7 34. Ra5 Nd7 35. Ra6 c5 36. Bb5 Nb8 37. Rd6 cxd4 38. cxd4 h6 39. Kf3 g5 40.
g3 Re7 41. Rd8 Rb7 42. Rd6 Re7 43. a5 Rb7 44. a6 Nxa6 45. Bxa6 Rb3+ 46. Kf2
Rb2+ 47. Be2 Rb4 48. h4 Rb3 49. Rd7+ Kf6 50. Rf7+ Kg6 51. h5+ 1-0

[Event "Arras-Le Touquet"]
[Site "Arras"]
[Date "2008.02.10"]
[Round "7.1"]
[White "Stawiarski, Edmond"]
[Black "Therkildsen, Thomas"]
[Result "1/2-1/2"]
[WhiteElo "2124"]
[BlackElo "2322"]
[PlyCount "104"]
[EventDate "2008.02.10"]
[SourceDate "2007.10.24"]

1. d4 Nf6 2. Nf3 e6 3. Bf4 Bd6 4. Bg3 b6 5. Nbd2 Bb7 6. e3 Bxg3 7. hxg3 d6 8.
c3 Nbd7 9. Qc2 e5 10. Bc4 Qe7 11. dxe5 dxe5 12. a4 a6 13. Ng5 Nd5 14. Ndf3 f6
15. Ne4 f5 16. Ned2 e4 17. Nd4 g6 18. O-O-O c5 19. Ne2 Ne5 20. Nf4 Nxf4 21.
gxf4 Ng4 22. Nb1 Rd8 23. Qe2 a5 24. Na3 Bc6 25. Nb5 Bxb5 26. axb5 h5 27. Bd5
Kf8 28. Rd2 Kg7 29. Rhd1 Rd6 30. Bc6 Rhd8 31. Rxd6 Rxd6 32. Rxd6 Qxd6 33. f3
Nf6 34. fxe4 fxe4 35. Qc2 Qe6 36. Qd2 Qc4 37. Kc2 Ng4 38. b3 Qe6 39. Bd7 Nxe3+
40. Qxe3 Qxd7 41. Qxe4 Kh6 42. c4 h4 43. Qf3 Qf5+ 44. Kb2 Qf6+ 45. Kb1 Qd4 46.
g4 Qd7 47. Kc2 Qf7 48. Qh3 Qxf4 49. Qxh4+ Kg7 50. Qe7+ Kh6 51. Qh4+ Kg7 52.
Qe7+ Qf7 {suite illisible} 1/2-1/2

[Event "Arras-Le Touquet"]
[Site "Arras"]
[Date "2008.02.10"]
[Round "7.2"]
[White "Flament, Francois"]
[Black "Goasdoue, Vincent"]
[Result "0-1"]
[WhiteElo "2215"]
[BlackElo "2141"]
[PlyCount "76"]
[EventDate "2008.02.10"]
[SourceDate "2007.10.24"]

1. d4 g6 2. Nf3 Bg7 3. c4 Nf6 4. Nc3 d6 5. Bg5 h6 6. Bh4 Bg4 7. e3 c6 8. Be2 g5
9. Bg3 Qb6 10. Qc2 Na6 11. O-O Nh5 12. a3 Nxg3 13. hxg3 Bh5 14. b4 Bg6 15. Bd3
Bxd3 16. Qxd3 Qc7 17. Rab1 Nb8 18. e4 Nd7 19. Nd1 a5 20. Ne3 axb4 21. axb4 e6
22. d5 Ne5 23. Nxe5 Bxe5 24. f4 gxf4 25. gxf4 Bg7 26. f5 Be5 27. fxe6 fxe6 28.
dxe6 Qg7 29. Nf5 Qc7 30. Qf3 O-O-O 31. b5 Qb6+ 32. Kh1 Rde8 33. bxc6 Qxc6 34.
e7 h5 35. Rb5 h4 36. Rfb1 h3 37. gxh3 Reg8 38. Rxb7 Rxh3+ 0-1

[Event "Arras-Le Touquet"]
[Site "Arras"]
[Date "2008.02.10"]
[Round "7.3"]
[White "Degand, Alain"]
[Black "Maitesian, Sergei"]
[Result "0-1"]
[WhiteElo "1976"]
[BlackElo "2284"]
[PlyCount "116"]
[EventDate "2008.02.10"]
[SourceDate "2007.10.24"]

1. d4 Nf6 2. Nf3 g6 3. Bf4 Bg7 4. e3 O-O 5. h3 d6 6. Be2 Nbd7 7. O-O Re8 8. c4
Nh5 9. Bh2 e5 10. Nc3 e4 11. Nd2 Nhf6 12. Qc2 Qe7 13. Rac1 h5 14. Nd5 Nxd5 15.
cxd5 Nb6 16. Qxc7 Qxc7 17. Rxc7 Nxd5 18. Rcc1 Bf8 19. Bb5 Rd8 20. Nxe4 Bf5 21.
Ng3 Be6 22. a3 a6 23. Bd3 b5 24. Ne2 Nb6 25. Nf4 Bc4 26. Bxc4 bxc4 27. Ne2 d5
28. Nc3 Ra7 29. Rc2 Rb7 30. Re1 Bg7 31. Ree2 Nc8 32. Kf1 Na7 33. Be5 f6 34. Bh2
Nc6 35. g4 hxg4 36. hxg4 Bh6 37. Bg3 Re7 38. Kg2 Kf7 39. f4 Re6 40. Kf3 f5 41.
Bh4 fxg4+ 42. Kxg4 Rde8 43. Kf3 Rxe3+ 44. Rxe3 Nxd4+ 45. Kf2 Rxe3 46. Kxe3
Nxc2+ 47. Kd2 Nd4 48. Bf2 Nb3+ 49. Ke2 Ke6 50. Be3 Bg7 51. Nd1 d4 52. Bd2 Kf5
53. a4 Nxd2 54. Kxd2 Kxf4 55. b3 cxb3 56. Kd3 g5 57. Kc4 g4 58. Kxb3 g3 0-1

[Event "Arras-Le Touquet"]
[Site "Arras"]
[Date "2008.02.10"]
[Round "7.4"]
[White "Kieffer, Christian"]
[Black "Sintive, Xavier"]
[Result "0-1"]
[WhiteElo "2185"]
[BlackElo "1944"]
[PlyCount "95"]
[EventDate "2008.02.10"]
[SourceDate "2007.10.24"]

1. e4 c5 2. Nf3 Nc6 3. Nc3 d6 4. Bc4 Nf6 5. d4 cxd4 6. Nxd4 g6 7. Nxc6 bxc6 8.
e5 Ng4 9. e6 f5 10. Bf4 Qb6 11. O-O Bg7 12. h3 Nf6 13. Re1 d5 14. Bb3 O-O 15.
Na4 Qb4 16. Be3 Ne4 17. c3 Qa5 18. f3 Nd6 19. Bd4 Qc7 20. Nc5 Nb7 21. Bxg7 Kxg7
22. Qd4+ Rf6 23. Nxb7 Bxb7 24. Qc5 Qb6 25. Qxb6 axb6 26. c4 dxc4 27. Bxc4 Rd8
28. Re2 Rd4 29. Bb3 Rf8 30. Rc1 Rfd8 31. Kf2 c5 32. Rc4 Ba6 33. Rxd4 Rxd4 34.
Re1 Rd2+ 35. Kg1 c4 36. Bd1 Rxb2 37. Be2 Rxa2 38. g4 f4 39. g5 b5 40. Bf1 Ra3
41. Kf2 Bb7 42. Bg2 Ra2+ 43. Kf1 c3 44. Rc1 b4 45. h4 Ba6+ 46. Kg1 Bc4 47. Bh3
Rd2 48. Ra1 0-1

[Event "Arras-Le Touquet"]
[Site "Arras"]
[Date "2008.02.10"]
[Round "7.5"]
[White "Durez, Cedric"]
[Black "Flament, Frederic"]
[Result "0-1"]
[WhiteElo "2000"]
[BlackElo "2142"]
[PlyCount "58"]
[EventDate "2008.02.10"]
[SourceDate "2007.10.24"]

1. d4 Nf6 2. Nf3 e6 3. c3 b6 4. Bg5 Bb7 5. Nbd2 Be7 6. e3 d6 7. Bd3 Nbd7 8. Qc2
c5 9. dxc5 bxc5 10. O-O h6 11. Bh4 g5 12. Bg3 Nh5 13. h3 Nxg3 14. fxg3 Qc7 15.
b3 O-O-O 16. b4 d5 17. Qa4 c4 18. Bc2 Qxg3 19. e4 h5 20. exd5 g4 21. Ne4 Qf4
22. d6 Bxd6 23. Nxd6+ Qxd6 24. Ng5 gxh3 25. Ne4 Qb6+ 26. Kh2 hxg2 27. Rxf7 Ne5
28. Rg7 Ng4+ 29. Kg3 g1=Q+ 0-1

[Event "Arras-Le Touquet"]
[Site "Arras"]
[Date "2008.02.10"]
[Round "7.6"]
[White "Dupont, Dany"]
[Black "Loyer, Angelique"]
[Result "1-0"]
[WhiteElo "2002"]
[BlackElo "1976"]
[PlyCount "45"]
[EventDate "2008.02.10"]
[SourceDate "2007.10.24"]

1. e4 c5 2. Nc3 e6 3. f4 a6 4. Nf3 Nc6 5. e5 Qc7 6. Ne4 Nh6 7. d3 b6 8. Be2 Nf5
9. O-O d5 10. exd6 Nxd6 11. Ng3 Be7 12. c3 O-O 13. Ne5 Bb7 14. Bf3 Rad8 15. Qe2
Nxe5 16. fxe5 Nb5 17. Bxb7 Qxb7 18. Qg4 Kh8 19. Nh5 g6 20. Bh6 Rxd3 21. Bxf8
Bxf8 22. Nf4 Qe4 23. Rae1 1-0

[Event "Arras-Le Touquet"]
[Site "Arras"]
[Date "2008.02.10"]
[Round "7.7"]
[White "Dervaux, Christian"]
[Black "Daniel, Antoine"]
[Result "1/2-1/2"]
[WhiteElo "2010"]
[BlackElo "1771"]
[PlyCount "154"]
[EventDate "2008.02.10"]
[SourceDate "2007.10.24"]

1. e4 Nf6 2. e5 Nd5 3. Bc4 Nb6 4. Bb3 Nc6 5. Nf3 d6 6. Qe2 g6 7. d4 Bg7 8. O-O
O-O 9. h3 Bd7 10. c4 e6 11. Bg5 Nxd4 12. Nxd4 Qxg5 13. f4 Qe7 14. Nf3 Bc6 15.
Nbd2 Rad8 16. Rac1 dxe5 17. fxe5 Nd7 18. Rfe1 Qc5+ 19. Kh1 Nxe5 20. Nxe5 Bxe5
21. Ne4 Qe7 22. Nf2 Bg7 23. Ng4 b6 24. Qf2 Bb7 25. c5 Bd4 26. Qg3 bxc5 27. Nh6+
Kh8 28. h4 Bg7 29. Ng4 Bd5 30. Bc4 Bxc4 31. Rxc4 Rd5 32. b3 Qd6 33. Qf3 Rf5 34.
Qh3 h5 35. Ne3 Rf4 36. Rd1 Rd4 37. Rf1 Rxc4 38. Nxc4 Qe7 39. g3 Rd8 40. Qg2 Qd7
41. Kh2 Kg8 42. Qf2 Bd4 43. Qf3 c6 44. Na5 Rc8 45. Nc4 Rc7 46. Nd2 Qd5 47. Ne4
f5 48. Qf4 Qe5 49. Qxe5 Bxe5 50. Nxc5 Kf7 51. Re1 Kf6 52. Kg2 Re7 53. Rd1 Bc7
54. Kf3 e5 55. Nd7+ Kf7 56. Nc5 e4+ 57. Ke2 Bb6 58. Rc1 Bxc5 59. Rxc5 Rc7 60.
Kf2 Ke6 61. b4 Kd6 62. a3 Rb7 63. Ke3 Rb8 64. Rc1 c5 65. Rd1+ Ke5 66. Rd7 cxb4
67. axb4 Rxb4 68. Rxa7 Rb3+ 69. Kf2 Rb2+ 70. Ke3 Rg2 71. Ra5+ Kf6 72. Ra6+ Kg7
73. Kf4 Kh6 74. Ra3 Rf2+ 75. Ke5 Rf3 76. Ra8 Rxg3 77. Kf6 Kh7 1/2-1/2

[Event "Arras-Le Touquet"]
[Site "Arras"]
[Date "2008.02.10"]
[Round "7.8"]
[White "Galaczy, Marie"]
[Black "Le Guillon, Mathieu"]
[Result "0-1"]
[WhiteElo "1430"]
[BlackElo "1900"]
[PlyCount "62"]
[EventDate "2008.02.10"]
[SourceDate "2007.10.24"]

1. e4 d6 2. d4 Nf6 3. Nc3 Nbd7 4. Nge2 e5 5. dxe5 Nxe5 6. Nf4 c6 7. Be3 Be7 8.
Nd3 Ng6 9. Qd2 O-O 10. h3 d5 11. Nc5 Bxc5 12. Bxc5 Re8 13. f3 Qa5 14. Bd4 dxe4
15. O-O-O exf3 16. Bxf6 fxg2 17. Bxg2 gxf6 18. Rhf1 Be6 19. Kb1 Rad8 20. Qf2 f5
21. h4 f4 22. h5 Qxh5 23. Bf3 Rxd1+ 24. Rxd1 Qh4 25. Qxa7 Bg4 26. Rh1 Re1+ 27.
Rxe1 Qxe1+ 28. Nd1 Bxf3 29. Qb8+ Kg7 30. a3 Qxd1+ 31. Ka2 Bd5+ 0-1

[Event "Arcueil-Rueil Malmaison"]
[Site "Rueil Malmaison"]
[Date "2008.02.10"]
[Round "7.1"]
[White "Marchand, Francois"]
[Black "Williams, Simon"]
[Result "0-1"]
[WhiteElo "2217"]
[BlackElo "2482"]
[PlyCount "94"]
[EventDate "2008.02.10"]
[SourceDate "2007.10.24"]

1. d4 e6 2. Nf3 f5 3. g3 Nf6 4. Bg2 Be7 5. O-O O-O 6. c4 d6 7. b3 Ne4 8. Bb2
Nd7 9. Nbd2 Ndf6 10. Rc1 Qe8 11. e3 Qg6 12. Ba3 c5 13. dxc5 Nxc5 14. Bxc5 dxc5
15. Ne5 Qh6 16. Ndf3 g5 17. Nd3 Nd7 18. Nfe5 Nxe5 19. Nxe5 g4 20. Qe2 Qg7 21.
Nd3 e5 22. Bd5+ Kh8 23. b4 cxb4 24. c5 a5 25. Nb2 f4 26. exf4 exf4 27. Na4 f3
28. Qc4 Rg8 29. Nb6 Bf5 30. Be6 Rad8 31. Nd7 Rxd7 32. Bxd7 Bxd7 33. Rfe1 Bf6
34. Rcd1 Bc6 35. Re3 Qg5 36. Re6 Kg7 37. Rdd6 Bc3 38. h4 gxh3 39. Kh2 Be5 40.
Rd1 h5 41. Rdd6 Bf6 42. Kxh3 Kf7 43. Kh2 h4 44. Qxh4 Qxh4+ 45. gxh4 Bxh4 46.
Rg6 Kf8 47. Kg1 Be7 0-1

[Event "Arcueil-Rueil Malmaison"]
[Site "Rueil Malmaison"]
[Date "2008.02.10"]
[Round "7.2"]
[White "Camus de Solliers, Guillaume"]
[Black "Mircescu, Ovidiu"]
[Result "1/2-1/2"]
[WhiteElo "2314"]
[BlackElo "2148"]
[PlyCount "29"]
[EventDate "2008.02.10"]
[SourceDate "2007.10.24"]

1. d4 d5 2. c4 dxc4 3. Nf3 Nf6 4. e3 e6 5. Bxc4 Be7 6. Nc3 O-O 7. e4 c5 8. O-O
cxd4 9. Nxd4 e5 10. Nb3 Nc6 11. Qe2 Nd4 12. Nxd4 exd4 13. Rd1 Bg4 14. f3 Bd7
15. Nd5 1/2-1/2

[Event "Arcueil-Rueil Malmaison"]
[Site "Rueil Malmaison"]
[Date "2008.02.10"]
[Round "7.3"]
[White "Couche, Jean Francois"]
[Black "Kirszenberg, Marc"]
[Result "0-1"]
[WhiteElo "2103"]
[BlackElo "2216"]
[PlyCount "144"]
[EventDate "2008.02.10"]
[SourceDate "2007.10.24"]

1. c4 c6 2. Nf3 d5 3. g3 Nf6 4. Bg2 Bf5 5. d4 e6 6. Nc3 Be7 7. O-O O-O 8. Nd2
Nbd7 9. e4 dxe4 10. Ndxe4 Nxe4 11. Nxe4 Nf6 12. Nc3 Qd7 13. Qb3 Rfd8 14. h3 Qc7
15. Be3 Rd7 16. Rac1 Qa5 17. Rfd1 Rad8 18. a3 h6 19. Rd2 e5 20. d5 c5 21. Re1
Ne8 22. g4 Bg6 23. Be4 Qa6 24. Qc2 Qxc4 25. Bxg6 fxg6 26. Qxg6 Rd6 27. Qd3 Qxd3
28. Rxd3 b6 29. f4 e4 30. Rd2 Bf6 31. Nxe4 Rxd5 32. Rde2 Rd1 33. Nxf6+ Nxf6 34.
Bc1 R8d3 35. Kg2 Nd5 36. Rxd1 Rxd1 37. Rc2 Kf7 38. Kf3 Rd3+ 39. Ke4 Rd1 40. Kf3
Rd3+ 41. Ke4 Rd4+ 42. Kf3 c4 43. f5 Rd3+ 44. Kg2 b5 45. a4 a6 46. axb5 axb5 47.
Rf2 b4 48. g5 hxg5 49. Bxg5 c3 50. bxc3 bxc3 51. h4 Nb4 52. Re2 c2 53. Re7+ Kg8
54. Rc7 Rd1 55. Rc4 Nd3 56. Rc8+ Kh7 57. Rc7 c1=Q 58. Bxc1 Rxc1 59. Rxc1 Nxc1
60. Kf3 Nd3 61. Ke4 Nf2+ 62. Kf3 Nd3 63. Ke4 Nc5+ 64. Kd5 Nd7 65. Ke6 Nf6 66.
Kf7 Nh5 67. Ke6 Kg8 68. Ke7 Nf4 69. Kd6 Kf7 70. Ke5 Nh5 71. f6 gxf6+ 72. Kf5
Ng7+ 0-1